| 000 | 00538nam a2200169Ia 4500 | ||
|---|---|---|---|
| 005 | 20250424120311.0 | ||
| 008 | 250424s9999 xx 000 0 und d | ||
| 022 | _a07945698 | ||
| 050 | _aQ 85.4 .N5/ | ||
| 245 | 0 | _aNigerian journal of basic and applied sciences: NJBAS | |
| 260 | _aSokoto | ||
| 260 | _bUniversity of Sokoto | ||
| 260 | _c2008 | ||
| 300 | _av. : ill. ; 25 cm. | ||
| 650 | _aScience--Periodicals. Engineering--Periodicals. Research--Nigeria--Periodicals. Engineering--Research--Nigeria--Periodicals. | ||
| 942 | _cSR | ||
| 999 |
_c38532 _d38532 |
||